<?xml version="1.0" encoding="UTF-8"?>
<collection xmlns="http://www.loc.gov/MARC21/slim">
 <record>
  <leader>02169pamaa2200277   4500</leader>
  <controlfield tag="001">0000043546</controlfield>
  <controlfield tag="005">20130626090000.0</controlfield>
  <controlfield tag="008">080422                             eng  </controlfield>
  <datafield tag="020" ind1="0" ind2="0">
   <subfield code="a">9780071486354 (pbk.) </subfield>
  </datafield>
  <datafield tag="090" ind1="0" ind2="0">
   <subfield code="a">KF1879 </subfield>
   <subfield code="b">FEI 2008</subfield>
  </datafield>
  <datafield tag="100" ind1="1" ind2="0">
   <subfield code="a">Feinberg </subfield>
  </datafield>
  <datafield tag="245" ind1="1" ind2="0">
   <subfield code="a">Pharmacy law : </subfield>
   <subfield code="b">textbook and review  </subfield>
   <subfield code="c">Debra B. Feinberg.</subfield>
  </datafield>
  <datafield tag="260" ind1="0" ind2="0">
   <subfield code="a">New York: </subfield>
   <subfield code="b">McGraw-Hill/Medical, </subfield>
   <subfield code="c">2008.</subfield>
  </datafield>
  <datafield tag="300" ind1=" " ind2=" ">
   <subfield code="a">vii, 295 p.: </subfield>
   <subfield code="b">ill.; </subfield>
   <subfield code="c">24 cm.</subfield>
  </datafield>
  <datafield tag="500" ind1="0" ind2="0">
   <subfield code="a">Includes 1 CD-ROM titled &quot;Pharmacy law ; textbook and review / Debra B. Feinberg&quot;</subfield>
  </datafield>
  <datafield tag="501" ind1="0" ind2="0">
   <subfield code="a">Library</subfield>
  </datafield>
  <datafield tag="504" ind1="0" ind2="0">
   <subfield code="a">Includes bibliographical references and index</subfield>
  </datafield>
  <datafield tag="505" ind1="0" ind2="0">
   <subfield code="a">Drug regulation and standards -- The history of federal pharmacy drug laws : a timeline of drug law -- The drug approval process -- Federal reporting programs -- Prescription to over-the-counter switch -- Substitution of drug products -- Medical devices, cosmetics, homeopathic, and dietary supplements -- Product recall -- Drug product labeling -- Antitampering and Poison Prevention Packaging Act -- Good manufacturing practices and expiration dating -- Omnibus Budget Reconciliation Act of 1990 -- Labeling of over-the-counter drug products -- Federal controlled substance law -- FDA authority and internet sales -- Opioid addiction treatment and methadone use -- Combat Methamphetamine Epidemic Act -- United States Postal Service mailing requirements for controlled substances -- Health Insurance Portability and Accountability Act of 1996 -- USP chapter &lt;797&gt; -- Bar coding -- Regulation of pharmacy practice -- Multistate pharmacy jurisprudence exam -- Medicare Prescription Drug Improvement and Modernization Act of 2003</subfield>
  </datafield>
  <datafield tag="650" ind1="0" ind2="0">
   <subfield code="a">Pharmaceutical Preparations -- </subfield>
   <subfield code="x">standards -- </subfield>
   <subfield code="z">United States </subfield>
  </datafield>
  <datafield tag="650" ind1="0" ind2="0">
   <subfield code="a">Drugs -- </subfield>
   <subfield code="x">Law and legislation -- </subfield>
   <subfield code="z">United States </subfield>
  </datafield>
  <datafield tag="650" ind1="0" ind2="0">
   <subfield code="a">Legislation, Drug -- </subfield>
   <subfield code="z">United States </subfield>
  </datafield>
  <datafield tag="650" ind1="0" ind2="0">
   <subfield code="a">Legislation, Pharmacy -- </subfield>
   <subfield code="z">United States </subfield>
  </datafield>
  <datafield tag="650" ind1="0" ind2="0">
   <subfield code="a">Drug Industry -- </subfield>
   <subfield code="x">legislation &amp; jurisprudence -- </subfield>
   <subfield code="z">United States </subfield>
  </datafield>
  <datafield tag="650" ind1="0" ind2="0">
   <subfield code="a">Pharmaceutical Services -- </subfield>
   <subfield code="x">legislation &amp; jurisprudence -- </subfield>
   <subfield code="z">United States </subfield>
  </datafield>
  <datafield tag="650" ind1="0" ind2="0">
   <subfield code="a">Pharmacy -- </subfield>
   <subfield code="x">Law and legislation -- </subfield>
   <subfield code="z">United States </subfield>
  </datafield>
  <datafield tag="901" ind1=" " ind2=" ">
   <subfield code="u">www.mhhe.com</subfield>
  </datafield>
 </record>
</collection>
